=LDR 00000nam 2200000 4500 =001 INLIS000000000042070 =005 20130612151552 =008 ***********************************ind** =035 ##$$0010-061300000042070 =041 ##$$a ind =082 ##$$a 347.01 =090 ##$$a 347.01, ind u =100 ##$$a Indonesia. [ Undang-undang, Peraturan dst] =245 ##$$a Undang-undang kejaksaan Uu Ri No. 16 tahun 2004 =260 ##$$a 2012 $b Jakarta =300 ##$$a Viii,143 hlm., 20 cm =650 ##$$a KEJAKSAAN - UNDANG-UNDANG =850 ##$$a NBPNMAT